000 00751nam a2200205 i 4500
001 166764
003 ES-MaACL
005 20250930063148.0
008 990414s1882 sp |||| | spa d
040 _aCCPB | B
_bspa
_cCCPB | B
080 _a821.134.2-14"18"
100 1 _aUgarte-Barrientos, Josefa,
_cCondesa de Parcent
_9133439
245 1 0 _aPáginas en verso /
_cpor Josefa Ugarte-Barrientos.
260 _aMálaga :
_b[s.n.],
_c1882 (
_fImp. del Correo de Andalucía)
300 _a249 p. ;
_c22 cm.
530 _aDisponible en formato digital.
852 _aES-MaACL
_jG-7905
_z-- Enc. pasta española
856 _uhttp://bdh-rd.bne.es/viewer.vm?id=0000103346&page=1
_zBiblioteca Digital Hispánica
999 _c166764
_d166764